[Event "Landesklasse Ost 2013/2014"]
[Site "?"]
[Date "2013.12.08"]
[Round "4"]
[White "Mauch, Johannes"]
[Black "Knorre, Jonas"]
[Result "1/2-1/2"]
[WhiteElo "1783"]
[BlackElo "1657"]
[PlyCount "24"]
[EventDate "2013.??.??"]
[WhiteTeam "SV Schott Jena"]
[BlackTeam "SV Medizin Erfurt"]

1. e4 c5 2. Nc3 Nc6 3. f4 g6 4. Nf3 Bg7 5. Bc4 e6 6. O-O Nge7 7. e5 O-O 8. Ne4
d5 9. exd6 Nf5 10. d3 b6 11. c3 Nxd6 12. Bb3 Nf5 1/2-1/2

[Event "Landesklasse Ost 2013/2014"]
[Site "?"]
[Date "2013.12.08"]
[Round "4"]
[White "Seele, Hartmut"]
[Black "Richter, Sebastian"]
[Result "1/2-1/2"]
[WhiteElo "1796"]
[BlackElo "1765"]
[PlyCount "31"]
[EventDate "2013.??.??"]
[WhiteTeam "SV Medizin Erfurt"]
[BlackTeam "SV Schott Jena"]

1. e4 e5 2. Nf3 Nc6 3. Bc4 Bc5 4. c3 Nf6 5. d4 exd4 6. cxd4 Bb4+ 7. Nc3 Nxe4 8.
O-O Bxc3 9. d5 Bf6 10. Re1 Ne7 11. Rxe4 d6 12. Bg5 Bxg5 13. Nxg5 h6 14. Nxf7
Kxf7 15. Qf3+ Nf5 16. g4 1/2-1/2

[Event "Landesklasse Ost 2013/2014"]
[Site "?"]
[Date "2013.12.08"]
[Round "4"]
[White "Scholz, Lucas"]
[Black "Stumm, Rainer"]
[Result "1-0"]
[WhiteElo "1732"]
[BlackElo "1599"]
[PlyCount "39"]
[EventDate "2013.??.??"]
[WhiteTeam "SV Schott Jena"]
[BlackTeam "SV Medizin Erfurt"]

1. e4 e5 2. f4 d6 3. Nf3 Nc6 4. Bc4 Be6 5. Bxe6 fxe6 6. O-O exf4 7. d4 e5 8.
Nc3 h6 9. d5 Nce7 10. Nxe5 dxe5 11. Qh5+ Kd7 12. Qxe5 Qe8 13. Bxf4 Rc8 14. Nb5
Ng6 15. Qf5+ Kd8 16. d6 Bxd6 17. Bxd6 N8e7 18. Bxe7+ Kxe7 19. Qc5+ Ke6 20. Rad1
1-0

[Event "Landesklasse Ost 2013/2014"]
[Site "?"]
[Date "2013.12.08"]
[Round "4"]
[White "Michels, Kim"]
[Black "Jordan, Gunter"]
[Result "0-1"]
[WhiteElo "1566"]
[BlackElo "1855"]
[PlyCount "42"]
[EventDate "2013.??.??"]
[WhiteTeam "SV Medizin Erfurt"]
[BlackTeam "SV Schott Jena"]

1. e4 b6 2. d4 e6 3. Nc3 Bb7 4. Nf3 Nf6 5. Bd3 Be7 6. O-O d6 7. Re1 c5 8. e5
dxe5 9. dxe5 Nd5 10. Bb5+ Bc6 11. Bxc6+ Nxc6 12. Ne4 O-O 13. c4 Ndb4 14. a3 Nd3
15. Re3 Ndxe5 16. Qxd8 Rfxd8 17. b3 Rd1+ 18. Ne1 Ng4 19. Bb2 Nxe3 20. fxe3 Rad8
21. Kf2 R1d2+ 0-1

[Event "Landesklasse Ost 2013/2014"]
[Site "?"]
[Date "2013.12.08"]
[Round "4"]
[White "Skibbe, Diana"]
[Black "Schlierf, Andre"]
[Result "1/2-1/2"]
[WhiteElo "1927"]
[BlackElo "1873"]
[PlyCount "66"]
[EventDate "2013.??.??"]
[WhiteTeam "TSV Zeulenroda"]
[BlackTeam "TuS Osterburg Weida"]

1. e4 b6 2. d4 e6 3. Bd3 Bb7 4. Nf3 c5 5. c3 Be7 6. O-O Nf6 7. Nbd2 d6 8. Re1
Qc7 9. Nf1 h6 10. Ng3 Nbd7 11. Bd2 c4 12. Bf1 a6 13. a4 d5 14. exd5 Bxd5 15.
Qe2 O-O 16. Ne5 b5 17. f4 Nb6 18. axb5 axb5 19. f5 Rxa1 20. Rxa1 Nc8 21. Bf4
Bd6 22. Ra6 Qb7 23. Ra5 Bc7 24. Ra1 Nd6 25. Ng4 Nde4 26. Be5 Bxe5 27. dxe5 Nxg4
28. Nxe4 exf5 29. h3 Bxe4 30. hxg4 Qd5 31. gxf5 Qxe5 32. Re1 Re8 33. Qf2 Qd6
1/2-1/2

[Event "Landesklasse Ost 2013/2014"]
[Site "?"]
[Date "2013.12.08"]
[Round "4"]
[White "Schumann, Robert"]
[Black "Barth, Christian"]
[Result "1-0"]
[WhiteElo "1843"]
[BlackElo "1787"]
[PlyCount "79"]
[EventDate "2013.??.??"]
[WhiteTeam "TuS Osterburg Weida"]
[BlackTeam "TSV Zeulenroda"]

1. d4 d5 2. Nf3 Nf6 3. e3 Bg4 4. Bd3 e6 5. Nbd2 c5 6. c3 Nc6 7. O-O a6 8. Re1
Be7 9. dxc5 Bxc5 10. e4 Qb6 11. Qe2 Bxf3 12. gxf3 Ne5 13. Bc2 dxe4 14. Nxe4
Nxe4 15. fxe4 O-O-O 16. b4 Bxf2+ 17. Qxf2 Nf3+ 18. Kf1 Qxf2+ 19. Kxf2 Nxe1 20.
Kxe1 h6 21. Be3 g5 22. Ke2 Rhf8 23. Rf1 f6 24. Bb3 Rde8 25. Bc2 Kc7 26. Bd4 f5
27. Bg7 Rg8 28. Be5+ Kc6 29. a4 f4 30. a5 Kb5 31. Bd3+ Kc6 32. Bc4 Re7 33. Rd1
Rd7 34. b5+ axb5 35. Bxb5+ Kxb5 36. Rxd7 Kxa5 37. Rxb7 h5 38. Rg7 Rf8 39. Rxg5
h4 40. Bd6+ 1-0

[Event "Landesklasse Ost 2013/2014"]
[Site "?"]
[Date "2013.12.08"]
[Round "4"]
[White "Wolfram, Thomas"]
[Black "Künzel, Andre"]
[Result "1-0"]
[WhiteElo "1725"]
[BlackElo "1905"]
[PlyCount "39"]
[EventDate "2013.??.??"]
[WhiteTeam "TSV Zeulenroda"]
[BlackTeam "TuS Osterburg Weida"]

1. d4 d6 2. e4 Nf6 3. Bd3 e5 4. c3 Be7 5. f4 d5 6. fxe5 Nxe4 7. Bxe4 dxe4 8.
Ne2 O-O 9. Bf4 f6 10. exf6 Rxf6 11. O-O b6 12. Nd2 Bb7 13. Qc2 c5 14. Be3 cxd4
15. Bxd4 Rh6 16. Nf4 Bd6 17. Qb3+ Kh8 18. Qf7 Qf8 19. Qxb7 Bxf4 20. Rxf4 1-0

[Event "Landesklasse Ost 2013/2014"]
[Site "?"]
[Date "2013.12.08"]
[Round "4"]
[White "Heine, Robert"]
[Black "Werner, Daniel"]
[Result "1/2-1/2"]
[WhiteElo "1613"]
[BlackElo "1759"]
[PlyCount "65"]
[EventDate "2013.??.??"]
[WhiteTeam "TuS Osterburg Weida"]
[BlackTeam "TSV Zeulenroda"]

1. d4 Nf6 2. Nf3 d5 3. e3 c6 4. Bd3 Bg4 5. Nbd2 Nbd7 6. c3 e5 7. e4 dxe4 8.
Nxe4 exd4 9. cxd4 Nxe4 10. Bxe4 Bb4+ 11. Bd2 Bxd2+ 12. Qxd2 O-O 13. O-O Nf6 14.
Qf4 Re8 15. Rfe1 Rxe4 16. Rxe4 Bxf3 17. Qxf3 Nxe4 18. Qxe4 Qd7 19. Re1 h6 20.
h3 Rd8 21. Qe7 a6 22. Qxd7 Rxd7 23. Re4 Kf8 24. Kf1 Re7 25. Rxe7 Kxe7 26. Ke2
Kd6 27. Kd3 Kd5 28. f3 a5 29. b3 b5 30. Kc3 b4+ 31. Kd3 f6 32. Ke3 g6 33. f4
1/2-1/2

[Event "Landesklasse Ost 2013/2014"]
[Site "?"]
[Date "2013.12.08"]
[Round "4"]
[White "Riemer, Marion"]
[Black "Wagner, Uwe"]
[Result "1-0"]
[WhiteElo "1741"]
[BlackElo "1708"]
[PlyCount "67"]
[EventDate "2013.??.??"]
[WhiteTeam "TSV Zeulenroda"]
[BlackTeam "TuS Osterburg Weida"]

1. e4 c5 2. d4 cxd4 3. Nf3 d6 4. c3 a6 5. Bc4 e6 6. O-O Qc7 7. Qe2 dxc3 8. Nxc3
Nd7 9. Bg5 Ngf6 10. Rac1 Be7 11. Bxe6 fxe6 12. Nb5 Qxc1 13. Nxd6+ Bxd6 14. Rxc1
Ne5 15. Nxe5 Bxe5 16. Bxf6 Bxf6 17. e5 Bd8 18. Qh5+ Ke7 19. Rc3 Rf8 20. Qxh7
Rf7 21. Qh4+ Ke8 22. Qh5 Ke7 23. Qg5+ Ke8 24. Qg6 Ke7 25. Rh3 Bb6 26. Qg5+ Kd7
27. Qd2+ Ke8 28. Rh8+ Rf8 29. Rxf8+ Kxf8 30. Qd6+ Kf7 31. Qxb6 a5 32. Qc7+ Kg6
33. f4 b5 34. g4 1-0

[Event "Landesklasse Ost 2013/2014"]
[Site "?"]
[Date "2013.12.08"]
[Round "4"]
[White "Urban, Bernd"]
[Black "Wiedemann, Volker"]
[Result "1-0"]
[WhiteElo "1698"]
[BlackElo "1822"]
[PlyCount "68"]
[EventDate "2013.??.??"]
[WhiteTeam "TuS Osterburg Weida"]
[BlackTeam "TSV Zeulenroda"]

1. c4 Nf6 2. Nc3 e6 3. e4 d5 4. e5 d4 5. exf6 dxc3 6. bxc3 Qxf6 7. Nf3 c5 8. d4
h6 9. g3 cxd4 10. Nxd4 Bc5 11. Bg2 e5 12. Qe2 O-O 13. Nb3 Qe7 14. O-O Nc6 15.
a4 Re8 16. a5 Bd7 17. Rd1 b6 18. Qe4 Rac8 19. Nxc5 bxc5 20. a6 Be6 21. Qe2 Qc7
22. Bd5 Bf5 23. Be3 Nd8 24. Rd2 Rb8 25. Rb2 Rb6 26. Rb5 Rxb5 27. cxb5 Ne6 28.
Qc4 Rc8 29. Rd1 g5 30. f3 Rd8 31. Rd2 Kg7 32. g4 Bg6 33. Bxe6 Rxd2 34. Bxd2 Qd6
1-0

[Event "Landesklasse Ost 2013/2014"]
[Site "?"]
[Date "2013.12.08"]
[Round "4"]
[White "Glock, Benjamin"]
[Black "Heine, Mario"]
[Result "0-1"]
[WhiteElo "1730"]
[BlackElo "1675"]
[PlyCount "88"]
[EventDate "2013.??.??"]
[WhiteTeam "TSV Zeulenroda"]
[BlackTeam "TuS Osterburg Weida"]

1. d4 d6 2. c4 Nf6 3. Nc3 c6 4. e4 Nbd7 5. Nf3 e5 6. dxe5 dxe5 7. Bg5 Qc7 8. a3
a5 9. Qc2 Bc5 10. Be2 Qb6 11. Bh4 Ng4 12. O-O Qc7 13. Rad1 Ngf6 14. Na4 Be7 15.
c5 O-O 16. Nd2 b6 17. cxb6 Nxb6 18. Nc5 Nbd7 19. Na4 Ba6 20. Nc4 Rfe8 21. Bxf6
Nxf6 22. Ncb6 Bxe2 23. Qxe2 Rab8 24. Nc4 Nd7 25. Qd2 Nf8 26. Qc3 Rb5 27. Ne3
Ne6 28. Nf5 Bf8 29. Rd2 g6 30. Ne3 Bh6 31. Rc1 Nd4 32. Nc5 Qe7 33. b4 axb4 34.
axb4 Qg5 35. Kh1 Qh5 36. Nd7 Bg7 37. Rxd4 exd4 38. Qxc6 dxe3 39. Nf6+ Bxf6 40.
Qxe8+ Kg7 41. g4 Qe5 42. Qxe5 Bxe5 43. Rc5 Rxc5 44. bxc5 e2 0-1

[Event "Landesklasse Ost 2013/2014"]
[Site "?"]
[Date "2013.12.08"]
[Round "4"]
[White "Lehmann, Volkhard"]
[Black "Klamuth, Andre"]
[Result "1-0"]
[WhiteElo "1653"]
[BlackElo "1511"]
[PlyCount "103"]
[EventDate "2013.??.??"]
[WhiteTeam "TuS Osterburg Weida"]
[BlackTeam "TSV Zeulenroda"]

1. d4 d5 2. Bf4 e6 3. a3 Bd6 4. Bg3 Nf6 5. e3 Ne4 6. Bd3 b6 7. Nd2 Bb7 8. Qg4
Qg5 9. Qxg5 Nxg5 10. f3 f5 11. Ne2 Nd7 12. Nf4 Nf6 13. Bh4 Bxf4 14. exf4 Nf7
15. O-O O-O 16. Bxf6 gxf6 17. Rfe1 Rae8 18. Re3 c6 19. Rae1 Nd8 20. Bxf5 Bc8
21. Bd3 Re7 22. b4 Rfe8 23. Nf1 b5 24. Ng3 Nf7 25. Nh5 Rf8 26. Nxf6+ Kg7 27.
Nxh7 Rh8 28. Ng5 Nxg5 29. fxg5 a5 30. f4 Ra7 31. Rh3 Rxh3 32. gxh3 axb4 33.
axb4 Ra4 34. Rb1 Ra7 35. Kf2 Rf7 36. Kg3 Ra7 37. h4 Bd7 38. h5 Be8 39. h6+ Kh8
40. Kg4 Bd7 41. f5 exf5+ 42. Bxf5 Bxf5+ 43. Kxf5 Kh7 44. Re1 Rf7+ 45. Kg4 Rf2
46. Re7+ Kh8 47. Kh5 Kg8 48. h7+ Kh8 49. Kg6 Rf8 50. Rc7 Rd8 51. Kh6 c5 52. g6
1-0

[Event "Landesklasse Ost 2013/2014"]
[Site "?"]
[Date "2014.01.12"]
[Round "5"]
[White "Sunderbrink, Heino"]
[Black "Barth, Christian"]
[Result "1-0"]
[WhiteElo "1968"]
[BlackElo "1787"]
[PlyCount "89"]
[EventDate "2014.??.??"]
[WhiteTeam "SV Medizin Erfurt"]
[BlackTeam "SC Rochade Zeulenroda"]

1. Nf3 d5 2. g3 c5 3. Bg2 Nf6 4. O-O Nc6 5. d4 cxd4 6. Nxd4 e5 7. Nxc6 bxc6 8.
c4 Be6 9. Nc3 Bb4 10. cxd5 Bxd5 11. Nxd5 Nxd5 12. Qa4 Qd7 13. Bxd5 cxd5 14.
Qxb4 h5 15. h4 Rc8 16. Bd2 a5 17. Qxa5 O-O 18. e4 Qh3 19. exd5 Rc4 20. Qa3 Rg4
21. Qf3 Qxh4 22. Kg2 Qd8 23. Rae1 Re8 24. Re4 Rg6 25. Rc4 h4 26. Rh1 hxg3 27.
fxg3 f5 28. Rch4 f4 29. Rh8+ Kf7 30. Rxe8 Qxe8 31. g4 Qc8 32. Bc3 Rxg4+ 33. Kf2
Qf5 34. Bxe5 Qc2+ 35. Ke1 Qb1+ 36. Kd2 Qf5 37. Re1 g5 38. Bc3 Rh4 39. Qe4 Rh2+
40. Kd1 Qg4+ 41. Kc1 Qd7 42. Qe6+ Qxe6 43. dxe6+ Ke8 44. Bf6 g4 45. Rd1 1-0

[Event "Landesklasse Ost 2013/2014"]
[Site "?"]
[Date "2014.01.12"]
[Round "5"]
[White "Riemer-Nlula, Marion"]
[Black "Rost, Detlef"]
[Result "1/2-1/2"]
[WhiteElo "1741"]
[BlackElo "1885"]
[PlyCount "31"]
[EventDate "2014.??.??"]
[WhiteTeam "SC Rochade Zeulenroda"]
[BlackTeam "SV Medizin Erfurt"]

1. e4 c5 2. d4 cxd4 3. c3 Nf6 4. e5 Nd5 5. cxd4 d6 6. Bc4 dxe5 7. dxe5 Be6 8.
Nf3 Nc6 9. Ng5 g6 10. Nxe6 fxe6 11. O-O Nxe5 12. Bb5+ Nc6 13. Qe2 Kf7 14. Bxc6
bxc6 15. Re1 Qd7 16. Qf3+ 1/2-1/2

[Event "Landesklasse Ost 2013/2014"]
[Site "?"]
[Date "2014.01.12"]
[Round "5"]
[White "Eger, Axel"]
[Black "Wiedemann, Volker"]
[Result "1/2-1/2"]
[WhiteElo "1847"]
[BlackElo "1822"]
[PlyCount "45"]
[EventDate "2014.??.??"]
[WhiteTeam "SV Medizin Erfurt"]
[BlackTeam "SC Rochade Zeulenroda"]

1. c4 e6 2. Nc3 d5 3. d4 Nf6 4. Bg5 Nbd7 5. Nf3 Be7 6. e3 a6 7. cxd5 exd5 8.
Bd3 h6 9. Bh4 O-O 10. O-O c6 11. Re1 Ne4 12. Bxe7 Qxe7 13. Rc1 Ndf6 14. h3 Bf5
15. Qc2 Qe6 16. Ne5 Nd6 17. Bxf5 Qxf5 18. Qxf5 Nxf5 19. Na4 Rfe8 20. Nb6 Rad8
21. Rc2 Nd6 22. Rec1 Nc8 23. Nxc8 1/2-1/2

[Event "Landesklasse Ost 2013/2014"]
[Site "?"]
[Date "2014.01.12"]
[Round "5"]
[White "Glock, Benjamin"]
[Black "Stumm, Rainer"]
[Result "1-0"]
[WhiteElo "1730"]
[BlackElo "1599"]
[PlyCount "59"]
[EventDate "2014.??.??"]
[WhiteTeam "SC Rochade Zeulenroda"]
[BlackTeam "SV Medizin Erfurt"]

1. d4 e6 2. c4 f5 3. Nf3 Nf6 4. Bg5 Be7 5. Nc3 c6 6. e3 d5 7. Ne5 Nbd7 8. Bxf6
Nxf6 9. Bd3 O-O 10. Qb3 Qe8 11. O-O Bd6 12. f4 Ne4 13. Qc2 Rf6 14. c5 Bc7 15.
b4 Rh6 16. Rf3 Bd7 17. Rb1 Qe7 18. b5 Ba5 19. bxc6 Bxc6 20. Bxe4 fxe4 21. Rf2
Be8 22. Nb5 g5 23. Nd6 gxf4 24. Rxf4 Rb8 25. Qf2 Rh5 26. Rf1 Bg6 27. Nxg6 hxg6
28. Rf7 Qd8 29. Nxb7 Rf5 30. Rxf5 1-0

[Event "Landesklasse Ost 2013/2014"]
[Site "?"]
[Date "2014.01.12"]
[Round "5"]
[White "Schulze, Reiner"]
[Black "Teichmann, Mario"]
[Result "0-1"]
[WhiteElo "1765"]
[BlackElo "1348"]
[PlyCount "72"]
[EventDate "2014.??.??"]
[WhiteTeam "SV Medizin Erfurt"]
[BlackTeam "SC Rochade Zeulenroda"]

1. e4 c5 2. Nf3 Nc6 3. Bb5 e6 4. O-O Nf6 5. Re1 Be7 6. c3 O-O 7. d4 d5 8. e5
Nd7 9. a3 cxd4 10. cxd4 a6 11. Bd3 f5 12. Nc3 b5 13. b4 Nb6 14. Ra2 Nc4 15. h3
Bd7 16. Bxc4 bxc4 17. g3 Na7 18. h4 h6 19. Kg2 Qe8 20. Rh1 Nb5 21. Ne2 a5 22.
a4 axb4 23. axb5 Rxa2 24. Nf4 b3 25. Be3 Bb4 26. Qb1 Qa8 27. Ng6 Re8 28. g4 Qa3
29. gxf5 exf5 30. Ng5 b2 31. e6 Bxe6 32. Nxe6 Rxe6 33. Qxf5 Rxg6+ 34. Qxg6 Qxe3
35. Re1 Qxe1 36. Qc6 Qe4+ 0-1

[Event "Landesklasse Ost 2013/2014"]
[Site "?"]
[Date "2014.01.12"]
[Round "5"]
[White "Martin, Elvira"]
[Black "Krajinski, Lutz"]
[Result "0-1"]
[WhiteElo "1153"]
[BlackElo "1578"]
[PlyCount "87"]
[EventDate "2014.??.??"]
[WhiteTeam "SC Rochade Zeulenroda"]
[BlackTeam "SV Medizin Erfurt"]

1. e4 c5 2. c4 Nc6 3. Nf3 Nf6 4. d3 h6 5. Be3 e6 6. Nc3 d5 7. Bf4 a6 8. exd5
exd5 9. Qe2+ Be7 10. h3 O-O 11. Qd2 Re8 12. Be2 Bf5 13. O-O d4 14. Nb1 Bd6 15.
Bxd6 Qxd6 16. Re1 Re7 17. Na3 Rae8 18. Bf1 Ne5 19. Nxe5 Rxe5 20. Nc2 Nd7 21.
Re2 Qg6 22. h4 Bxd3 23. Rxe5 Nxe5 24. Ne1 Bxc4 25. f4 Bxf1 26. Kxf1 Nc4 27. Qf2
Ne3+ 28. Kg1 Qg4 29. Qf3 Qxh4 30. Nd3 Ng4 31. Qh3 Qxh3 32. gxh3 Ne3 33. Nxc5
Rc8 34. Nd3 Rc2 35. a4 Rg2+ 36. Kh1 Rd2 37. Ra3 h5 38. Rb3 Nf5 39. Kg1 Ng3 40.
Nc5 Ne2+ 41. Kf1 Nxf4 42. Kg1 d3 43. h4 Rg2+ 44. Kh1 0-1

[Event "Landesklasse Ost 2013/2014"]
[Site "?"]
[Date "2014.01.12"]
[Round "5"]
[White "Schlierf, Andre"]
[Black "Taudte, Stefan"]
[Result "1/2-1/2"]
[WhiteElo "1871"]
[BlackElo "1977"]
[PlyCount "80"]
[EventDate "2014.??.??"]
[WhiteTeam "TuS Osterburg Weida"]
[BlackTeam "SV Empor Erfurt"]

1. c4 Nf6 2. Nc3 c5 3. g3 g6 4. Bg2 Bg7 5. d3 Nc6 6. e4 d6 7. Nge2 e5 8. O-O
Nd4 9. Bg5 h6 10. Bd2 g5 11. Nxd4 cxd4 12. Nd5 Nxd5 13. cxd5 Qb6 14. Qb3 Qxb3
15. axb3 Bd7 16. Rfc1 Bb5 17. Bf1 Bf6 18. Rc7 Ba6 19. Rac1 Bd8 20. Rc8 Rxc8 21.
Rxc8 Kd7 22. Bh3+ Ke7 23. Bf1 Rf8 24. g4 Kd7 25. Rc1 Be7 26. f3 Rc8 27. Rxc8
Kxc8 28. Kf2 Kc7 29. Ba5+ b6 30. Bd2 Bb5 31. Ke2 Kb7 32. Kd1 Ka6 33. Kc2 Bd7
34. h3 Kb5 35. Be2 a5 36. Kb1 Kc5 37. Ka2 b5 38. b4+ axb4 39. Kb3 Kb6 40. Bxb4
Bc8 1/2-1/2

[Event "Landesklasse Ost 2013/2014"]
[Site "?"]
[Date "2014.01.12"]
[Round "5"]
[White "Zahn, Alina"]
[Black "Schumann, Robert"]
[Result "1-0"]
[WhiteElo "1948"]
[BlackElo "1838"]
[PlyCount "85"]
[EventDate "2014.??.??"]
[WhiteTeam "SV Empor Erfurt"]
[BlackTeam "TuS Osterburg Weida"]

1. e4 d6 2. d4 e5 3. Nf3 exd4 4. Nxd4 Nf6 5. Nc3 Nc6 6. Nxc6 bxc6 7. Bd3 Bg4 8.
Be2 Be6 9. O-O Be7 10. Bg5 O-O 11. h3 Nd7 12. Bxe7 Qxe7 13. f4 f5 14. exf5 Bxf5
15. Bg4 Qh4 16. Qe1 Qxe1 17. Raxe1 Bxg4 18. hxg4 Rae8 19. g3 Nf6 20. g5 Nd5 21.
Nxd5 cxd5 22. Rxe8 Rxe8 23. Kf2 Kf7 24. Rd1 c6 25. Kf3 Re4 26. Rd3 Ra4 27. a3
Rc4 28. c3 Re4 29. Re3 Ra4 30. f5 d4 31. Re4 c5 32. cxd4 d5 33. Rh4 c4 34. Rxh7
c3 35. bxc3 Kg8 36. Rh2 Rxa3 37. Rc2 Rb3 38. Kf4 a5 39. Ra2 Rb5 40. Ke5 Kf7 41.
Kd6 Rb3 42. Rxa5 Rxc3 43. Ra7+ 1-0

[Event "Landesklasse Ost 2013/2014"]
[Site "?"]
[Date "2014.01.12"]
[Round "5"]
[White "Künzel, Andre"]
[Black "Michalowski, Peter"]
[Result "0-1"]
[WhiteElo "1900"]
[BlackElo "1948"]
[PlyCount "62"]
[EventDate "2014.??.??"]
[WhiteTeam "TuS Osterburg Weida"]
[BlackTeam "SV Empor Erfurt"]

1. d4 d5 2. Nf3 Nf6 3. e3 c5 4. c3 Qc7 5. Bd3 Bg4 6. Nbd2 Nbd7 7. O-O e5 8.
dxe5 Nxe5 9. Qa4+ Bd7 10. Bb5 Bd6 11. Bxd7+ Qxd7 12. Qxd7+ Kxd7 13. Nxe5+ Bxe5
14. c4 Kc6 15. Nf3 Rhe8 16. cxd5+ Nxd5 17. Nxe5+ Rxe5 18. Bd2 f5 19. Rfe1 b5
20. Rec1 Rd8 21. Rc2 Nb6 22. Bc3 Red5 23. Kf1 g6 24. Rac1 Nc4 25. Ke2 a5 26. a4
bxa4 27. Bd4 cxd4 28. Rxc4+ Kb5 29. exd4 Rxd4 30. Rc5+ Kb4 31. R1c2 Re4+ 0-1

[Event "Landesklasse Ost 2013/2014"]
[Site "?"]
[Date "2014.01.12"]
[Round "5"]
[White "Streichardt, Niklas"]
[Black "Heine, Robert"]
[Result "0-1"]
[WhiteElo "1735"]
[BlackElo "1594"]
[PlyCount "44"]
[EventDate "2014.??.??"]
[WhiteTeam "SV Empor Erfurt"]
[BlackTeam "TuS Osterburg Weida"]

1. e4 d6 2. d4 Nf6 3. Nc3 Nbd7 4. Nf3 e5 5. dxe5 dxe5 6. Bg5 Be7 7. Bc4 c6 8.
a3 O-O 9. Qe2 Qc7 10. Ba2 Nc5 11. h3 Be6 12. b3 Rfd8 13. Bd2 Ncd7 14. Ng5 Nf8
15. g3 Bxa3 16. Rd1 Bb4 17. Na4 Bxd2+ 18. Rxd2 Rxd2 19. Qxd2 Rd8 20. Qe2 Qa5+
21. c3 b5 22. Nc5 Qxc3+ 0-1

[Event "Landesklasse Ost 2013/2014"]
[Site "?"]
[Date "2014.01.12"]
[Round "5"]
[White "Wagner, Uwe"]
[Black "Wahlicht, Mike"]
[Result "1/2-1/2"]
[WhiteElo "1710"]
[BlackElo "1821"]
[PlyCount "41"]
[EventDate "2014.??.??"]
[WhiteTeam "TuS Osterburg Weida"]
[BlackTeam "SV Empor Erfurt"]

1. Nf3 Nf6 2. b3 e6 3. Bb2 b6 4. e3 Bb7 5. d4 c5 6. Be2 Nc6 7. O-O Be7 8. Nbd2
Qc7 9. c4 d5 10. Rc1 Rc8 11. dxc5 bxc5 12. Qc2 O-O 13. a3 Ng4 14. h3 Nge5 15.
Nxe5 Nxe5 16. Nf3 Nd7 17. Rfd1 Qb6 18. Ne5 Rfd8 19. Nxd7 Rxd7 20. cxd5 exd5 21.
Bg4 1/2-1/2

[Event "Landesklasse Ost 2013/2014"]
[Site "?"]
[Date "2014.01.12"]
[Round "5"]
[White "Nicolai, Tim"]
[Black "Urban, Bernd"]
[Result "0-1"]
[WhiteElo "1649"]
[BlackElo "1698"]
[PlyCount "88"]
[EventDate "2014.??.??"]
[WhiteTeam "SV Empor Erfurt"]
[BlackTeam "TuS Osterburg Weida"]

1. e4 c5 2. Nf3 d6 3. d4 cxd4 4. Nxd4 Nf6 5. Nc3 a6 6. f4 e6 7. Be3 Be7 8. Qf3
Qc7 9. g4 Nc6 10. g5 Nd7 11. Qh5 Nc5 12. f5 Nxd4 13. Bxd4 e5 14. Be3 g6 15. Qf3
b5 16. Nd5 Qc6 17. fxg6 Be6 18. gxf7+ Kd7 19. Bd3 Raf8 20. Nxe7 Kxe7 21. Qf6+
Kd7 22. g6 hxg6 23. Bg5 Bh3 24. Qe7+ Kc8 25. Bf6 Be6 26. Bxh8 Rxf7 27. Qg5
Nxd3+ 28. cxd3 Qb6 29. Qd2 Qd8 30. Qh6 Qb6 31. O-O-O Bxa2 32. Rhf1 Rc7+ 33. Kd2
Qa5+ 34. Ke3 Qb6+ 35. Kf3 Qd4 36. Rd2 d5 37. Ke2 dxe4 38. dxe4 Bc4+ 39. Kd1
Bb3+ 40. Ke2 Qxe4+ 41. Kf2 Rf7+ 42. Kg3 Rxf1 43. Qh3+ Rf5 44. Rg2 Qf4# 0-1

[Event "Landesklasse Ost 2013/2014"]
[Site "?"]
[Date "2014.01.12"]
[Round "5"]
[White "Heine, Mario"]
[Black "Thiemann, Jürgen"]
[Result "1-0"]
[WhiteElo "1698"]
[BlackElo "1708"]
[PlyCount "77"]
[EventDate "2014.??.??"]
[WhiteTeam "TuS Osterburg Weida"]
[BlackTeam "SV Empor Erfurt"]

1. d4 d5 2. Nf3 e6 3. e3 Nf6 4. Bd3 c5 5. c3 Nc6 6. Nbd2 Qc7 7. O-O Bd6 8. Re1
O-O 9. Nf1 Bd7 10. a4 a5 11. Ng3 Rfe8 12. e4 cxd4 13. cxd4 dxe4 14. Nxe4 Nxe4
15. Rxe4 Ne7 16. Bd2 Ng6 17. Rc1 Bc6 18. Bb5 Qb6 19. Bxc6 bxc6 20. Qc2 Rec8 21.
h4 Ne7 22. Ne5 Bb4 23. Nc4 Qb7 24. Bf4 Nd5 25. Be5 f5 26. Re2 Qe7 27. g3 Re8
28. Ne3 Rac8 29. Nxd5 exd5 30. Qxf5 Bd6 31. Rce1 Bb4 32. Bxg7 Qf7 33. Rxe8+
Rxe8 34. Rxe8+ Qxe8 35. Be5 Qg6 36. Qxg6+ hxg6 37. Bc7 Kf7 38. Kf1 Ke6 39. Ke2
1-0

[Event "Landesklasse Ost 2013/2014"]
[Site "?"]
[Date "2014.01.12"]
[Round "5"]
[White "Schulz, Theresa Charlotte"]
[Black "Lehmann, Volkhard"]
[Result "0-1"]
[WhiteElo "1309"]
[BlackElo "1653"]
[PlyCount "70"]
[EventDate "2014.??.??"]
[WhiteTeam "SV Empor Erfurt"]
[BlackTeam "TuS Osterburg Weida"]

1. e4 c5 2. Nc3 e5 3. Nf3 d6 4. Bc4 Nc6 5. d3 Be6 6. Nd5 Be7 7. Be3 a6 8. Nxe7
Qxe7 9. Bxe6 Qxe6 10. c4 b5 11. Qb3 Rb8 12. Ng5 Qd7 13. Rb1 h6 14. Nf3 Nge7 15.
O-O O-O 16. Nd2 Rb7 17. f4 Rfb8 18. fxe5 Nxe5 19. cxb5 Qxb5 20. Qxb5 Rxb5 21.
d4 cxd4 22. Bxd4 N7g6 23. b3 d5 24. a4 Ra5 25. Bc3 Rc5 26. Bd4 Rc2 27. Rfd1
dxe4 28. Nxe4 Re8 29. Nc5 Nf4 30. Bxe5 Rxe5 31. Nxa6 Ree2 32. g3 Rg2+ 33. Kf1
Rgf2+ 34. Kg1 Nh3+ 35. Kh1 Rxh2# 0-1

[Event "Landesklasse Ost 2013/2014"]
[Site "?"]
[Date "2014.01.12"]
[Round "5"]
[White "Anschütz, Mario"]
[Black "Sack, Matthias"]
[Result "1/2-1/2"]
[WhiteElo "1846"]
[BlackElo "1951"]
[PlyCount "40"]
[EventDate "2014.??.??"]
[WhiteTeam "SSV Vimaria 91 Weimar"]
[BlackTeam "SV Hermsdorf"]

1. d4 Nf6 2. c4 e6 3. Nc3 Bb4 4. Bg5 h6 5. Bh4 c5 6. e3 Qa5 7. Qc2 Ne4 8. Nge2
d5 9. f3 Nd6 10. cxd5 exd5 11. g4 Nc6 12. O-O-O Bxc3 13. Nxc3 cxd4 14. exd4 Be6
15. Bg3 Nb4 16. Qa4+ Qxa4 17. Nxa4 Ke7 18. a3 Rac8+ 19. Kb1 Nc6 20. Be2 Na5
1/2-1/2

[Event "Landesklasse Ost 2013/2014"]
[Site "?"]
[Date "2014.01.12"]
[Round "5"]
[White "Hadlich, Gerald"]
[Black "Latka, Robert"]
[Result "1-0"]
[WhiteElo "1794"]
[BlackElo "1701"]
[PlyCount "57"]
[EventDate "2014.??.??"]
[WhiteTeam "SV Hermsdorf"]
[BlackTeam "SSV Vimaria 91 Weimar"]

1. e4 c5 2. c3 d5 3. exd5 Qxd5 4. d4 Nc6 5. Nf3 Bf5 6. Na3 cxd4 7. Nb5 O-O-O 8.
cxd4 e5 9. Nc3 Bb4 10. Bd2 Bxc3 11. bxc3 exd4 12. cxd4 Nxd4 13. Nxd4 Qxd4 14.
Rc1+ Kb8 15. Bf4+ Ka8 16. Qxd4 Rxd4 17. Be3 Rd8 18. Bc4 Bg6 19. O-O Ne7 20.
Rfd1 Nc6 21. Bd5 Nb4 22. Bf3 Nd3 23. Rc7 Ne5 24. Bxb7+ Kb8 25. Rdc1 Rd1+ 26.
Rxd1 Kxc7 27. Ba6 Rb8 28. h3 Rb2 29. Bd4 1-0

[Event "Landesklasse Ost 2013/2014"]
[Site "?"]
[Date "2014.01.12"]
[Round "5"]
[White "Vogel, Steffen"]
[Black "Osterroth, Reinhard"]
[Result "0-1"]
[WhiteElo "1821"]
[BlackElo "1877"]
[PlyCount "86"]
[EventDate "2014.??.??"]
[WhiteTeam "SSV Vimaria 91 Weimar"]
[BlackTeam "SV Hermsdorf"]

1. d4 Nf6 2. Nf3 d6 3. c4 Nbd7 4. Nc3 e5 5. d5 Be7 6. h3 O-O 7. e4 c6 8. Bd3 a6
9. O-O cxd5 10. cxd5 b5 11. b4 Nb6 12. Qb3 Bd7 13. Be3 Ne8 14. Nd2 Bg5 15. f4
exf4 16. Bxf4 Bxf4 17. Rxf4 Qg5 18. Rf2 Bxh3 19. Nf3 Qg6 20. Raf1 Bg4 21. Qb1
Qh5 22. Nd4 Qe5 23. Nce2 Bxe2 24. Nxe2 g6 25. Qc1 Rc8 26. Qh6 Nc4 27. Nf4 Ng7
28. Nh3 Nh5 29. Ng5 Qg7 30. Qxg7+ Nxg7 31. Nxf7 Rxf7 32. Rxf7 Ne5 33. Re7 Nxd3
34. Rff7 Nh5 35. g4 Rc1+ 36. Kh2 Ne5 37. Rxh7 Nxg4+ 38. Kg2 Ngf6 39. Rh6 Rc2+
40. Kf3 Rc3+ 41. Kg2 Nf4+ 42. Kf1 Ng4 43. Rxg6+ Nxg6 0-1